000 00464nam a2200157 4500
001 135986
003 ES-MaACL
007 t|
008 070214s1945 ag r ||||1| spa d
100 1 _aRoveda, José María.
_9100118
245 1 3 _aEl astigmatismo
_b: su tratamiento /
_cJosé María Roveda.
250 _a3ª. ed.
260 _aCórdoba (Argentina) :
_bVázquez,
_c1945.
300 _a219 p., 3 lám. :
_bil. ;
_c23 cm.
852 _aES-MaACL
_jE-371
_bR.22432
999 _c135986
_d135986